[Event "C.to Provinciale AP"]
[Site "Fermo ITA"]
[Date "2008.01.20"]
[Round "6"]
[White "Santarelli, Enrico"]
[Black "Pieroni, Giacinto"]
[Result "1-0"]
[WhiteElo "1659"]
[BlackElo "1488"]
[PlyCount "67"]
[EventDate "2008.01.12"]

1. Nf3 d5 2. e3 c6 3. b3 Nf6 4. Bb2 Bf5 5. Be2 Qc7 6. O-O Nbd7 7. d4 h6 8. c4
e6 9. Nc3 Be7 10. Rc1 a6 11. cxd5 Nxd5 12. Nxd5 exd5 13. Qd2 Bg5 14. Ba3 Be7
15. Bxe7 Kxe7 16. Rc3 Rhe8 17. Rfc1 Kf8 18. b4 Qd6 19. Qb2 Kg8 20. a4 Ra7 21.
Nd2 Nf6 22. b5 axb5 23. axb5 Rea8 24. bxc6 Ra2 25. Qxb7 Ne4 26. Nxe4 Bxe4 27.
c7 Qg6 28. Bf1 Bf5 29. Qxd5 Bc8 30. Qd8+ Kh7 31. e4 Qb6 32. Bd3 Bb7 33. Qd7 Qb2
34. e5+ 1-0

[Event "XX Weekend A"]
[Site "Bergamo ITA"]
[Date "2008.01.12"]
[Round "1"]
[White "Annoni, Riccardo"]
[Black "Schaberg, Wolfgang"]
[Result "1-0"]
[WhiteElo "2086"]
[BlackElo "1732"]
[PlyCount "43"]
[EventDate "2008.01.12"]

1. e4 c5 2. Nc3 d6 3. g3 Nf6 4. Bg2 Nc6 5. d3 e6 6. Be3 Be7 7. f4 a6 8. h3 Qc7
9. Nf3 b5 10. O-O Bb7 11. g4 h6 12. Ne2 d5 13. e5 Nd7 14. c3 a5 15. d4 c4 16.
Ng3 g6 17. f5 O-O-O 18. Qd2 exf5 19. gxf5 Rdg8 20. f6 Bxf6 21. exf6 Qxg3 22.
Bf4 1-0

[Event "XX Weekend A"]
[Site "Bergamo ITA"]
[Date "2008.01.13"]
[Round "2"]
[White "Poletti, Fausto"]
[Black "Annoni, Riccardo"]
[Result "1/2-1/2"]
[WhiteElo "1929"]
[BlackElo "2086"]
[PlyCount "42"]
[EventDate "2008.01.12"]

1. Nf3 d5 2. g3 Nc6 3. d4 Bg4 4. Bg2 e6 5. O-O Bd6 6. Nbd2 Nf6 7. c4 O-O 8. a3
a5 9. b3 Ne4 10. Bb2 f5 11. Rc1 Bxf3 12. Nxf3 Qe8 13. Ne5 Ne7 14. e3 c6 15. Nd3
g5 16. c5 Bc7 17. f4 g4 18. Ne5 Rf6 19. Bxe4 dxe4 20. Nc4 Nd5 21. Qe1 h5
1/2-1/2

[Event "XX Weekend A"]
[Site "Bergamo ITA"]
[Date "2008.01.13"]
[Round "3"]
[White "Annoni, Riccardo"]
[Black "Colombo, Luca"]
[Result "1-0"]
[WhiteElo "2086"]
[BlackElo "1798"]
[PlyCount "115"]
[EventDate "2008.01.12"]

1. d4 Nf6 2. Nf3 e6 3. c4 Bb4+ 4. Nc3 d5 5. Bg5 O-O 6. e3 Nbd7 7. cxd5 exd5 8.
Qc2 Qe8 9. Bd3 Ne4 10. Bf4 Ndf6 11. O-O Bxc3 12. bxc3 Qe7 13. Ne5 g5 14. Bg3
Bf5 15. c4 c6 16. Rab1 Nxg3 17. hxg3 Bxd3 18. Qxd3 Ne4 19. cxd5 cxd5 20. Rb5
Rfd8 21. Rfb1 Rac8 22. Rxb7 Qxb7 23. Rxb7 Rc1+ 24. Qf1 Rxf1+ 25. Kxf1 f6 26.
Nc6 Rd6 27. Rc7 Kf8 28. a4 a5 29. Ke2 Ke8 30. Na7 Rd7 31. Nb5 Rxc7 32. Nxc7+
Kd7 33. Nxd5 Kc6 34. Ne7+ Kd7 35. Nd5 Kc6 36. Ne7+ Kd7 37. Ng8 Ke6 38. Kd3
Nxf2+ 39. Kc4 Kf7 40. Nh6+ Kg6 41. d5 Kxh6 42. Kb5 Ne4 43. Kxa5 Nd6 44. Kb4 Kg6
45. Kc5 Nb7+ 46. Kc6 Na5+ 47. Kc7 Nb3 48. d6 Nc5 49. d7 Kf5 50. a5 Ke4 51. d8=Q
Ne6+ 52. Kd7 Nxd8 53. Kxd8 Kxe3 54. a6 Kf2 55. Ke7 f5 56. Kf6 f4 57. gxf4 gxf4
58. Kf5 1-0

[Event "XX Weekend A"]
[Site "Bergamo ITA"]
[Date "2008.01.19"]
[Round "4"]
[White "Canova, Luca"]
[Black "Annoni, Riccardo"]
[Result "1-0"]
[WhiteElo "2086"]
[BlackElo "2086"]
[PlyCount "93"]
[EventDate "2008.01.12"]

1. d4 d5 2. Nf3 Nf6 3. c4 c6 4. Nc3 e6 5. g3 a6 6. Bg2 b5 7. c5 Nbd7 8. O-O g6
9. Bg5 h6 10. Bxf6 Nxf6 11. Ne5 Qc7 12. f4 Bg7 13. e4 O-O 14. b4 a5 15. a3 Rd8
16. exd5 exd5 17. bxa5 Rxa5 18. Qb3 Ng4 19. Rfe1 Nxe5 20. fxe5 f6 21. Ne4 fxe5
22. Nd6 e4 23. Rxe4 Kh7 24. Rf4 Be6 25. Qe3 Bg8 26. Bf1 Ra4 27. Bd3 Qd7 28.
Bxg6+ Kh8 29. Bc2 Raa8 30. Qd3 Rf8 31. Raf1 Rxf4 32. Rxf4 Rf8 33. Rxf8 Bxf8 34.
Qg6 Qg7 35. Qxg7+ Kxg7 36. Nf5+ Kf6 37. Ne3 Kg5 38. h4+ Kh5 39. Bd1+ Kg6 40.
Kf2 Bg7 41. Nc2 Be6 42. Ke3 h5 43. Nb4 Bh6+ 44. Kd3 Bd7 45. a4 Bf8 46. axb5
cxb5 47. Nxd5 1-0

[Event "XX Weekend A"]
[Site "Bergamo ITA"]
[Date "2008.01.20"]
[Round "5"]
[White "Annoni, Riccardo"]
[Black "Elitropi, Giorgio"]
[Result "0-1"]
[WhiteElo "2086"]
[BlackElo "1997"]
[PlyCount "36"]
[EventDate "2008.01.12"]

1. e4 e6 2. d4 d5 3. e5 c5 4. c3 Nc6 5. Nf3 Qb6 6. Bd3 cxd4 7. cxd4 Bd7 8. O-O
Nxd4 9. Nxd4 Qxd4 10. Nc3 a6 11. Qe2 Ne7 12. Kh1 Nc6 13. f4 Nb4 14. Rd1 Bc5 15.
Bxh7 Qf2 16. Qxf2 Bxf2 17. Bb1 Ke7 18. a3 Rxh2+ 0-1

[Event "XX Weekend A"]
[Site "Bergamo ITA"]
[Date "2008.01.20"]
[Round "6"]
[White "Bufalo, Fabrizio"]
[Black "Annoni, Riccardo"]
[Result "0-1"]
[WhiteElo "1602"]
[BlackElo "2086"]
[PlyCount "56"]
[EventDate "2008.01.12"]

1. d4 Nf6 2. Nf3 c5 3. Nc3 e6 4. Bg5 h6 5. Bh4 d5 6. e3 Nc6 7. Be2 a6 8. Ne5
cxd4 9. exd4 Bd6 10. Nxc6 bxc6 11. O-O Rb8 12. Na4 Qc7 13. Bg3 Bxg3 14. fxg3
Ne4 15. Bd3 Nd6 16. Qe2 O-O 17. Qh5 Rb4 18. Nc5 Rxb2 19. Nb3 a5 20. a4 Qa7 21.
Qd1 e5 22. Qc1 Rxb3 23. cxb3 Qxd4+ 24. Kh1 Qxd3 25. Qxc6 Ne4 26. Qb6 Qa6 27.
Qc7 f6 28. Rad1 Bg4 0-1

[Event "C.to Provinciale VC"]
[Site "Vercelli ITA"]
[Date "2008.01.18"]
[Round "1"]
[White "Favoni, Matteo"]
[Black "Loggia, Mario"]
[Result "1-0"]
[WhiteElo "1900"]
[BlackElo "1471"]
[PlyCount "37"]
[EventDate "2008.01.18"]

1. d4 d5 2. c4 c6 3. Nf3 e6 4. Nc3 dxc4 5. a4 Bb4 6. e3 b5 7. axb5 cxb5 8. Bd2
Bxc3 9. Bxc3 a6 10. b3 cxb3 11. Bxb5+ Bd7 12. Bxd7+ Qxd7 13. Qxb3 Ne7 14. e4
O-O 15. O-O Nbc6 16. Rfd1 a5 17. d5 Rfb8 18. dxc6 Qxd1+ 19. Qxd1 1-0

[Event "C.to Provinciale VC"]
[Site "Vercelli ITA"]
[Date "2008.01.20"]
[Round "2"]
[White "Tibaldeschi, Attilio"]
[Black "Crepaldi, Marco"]
[Result "0-1"]
[WhiteElo "1613"]
[BlackElo "1836"]
[PlyCount "56"]
[EventDate "2008.01.18"]

1. Nf3 d5 2. b3 c5 3. Bb2 Nc6 4. d3 Nf6 5. Nbd2 Qc7 6. e3 e5 7. Be2 Bd6 8. h3
b6 9. Rc1 Bb7 10. O-O Rd8 11. a3 O-O 12. Nh2 e4 13. Ng4 Nxg4 14. Bxg4 Ne5 15.
dxe4 dxe4 16. Bxe5 Bxe5 17. c4 f5 18. Be2 f4 19. Qc2 f3 20. gxf3 exf3 21. Bd3
Qd7 22. Bxh7+ Kh8 23. Be4 Qxh3 24. Nxf3 Rxf3 25. Rfd1 Bh2+ 26. Kh1 Bg3+ 27. Kg1
Qh2+ 28. Kf1 Rxf2+ 0-1

[Event "C.to Provinciale VC"]
[Site "Vercelli ITA"]
[Date "2008.01.20"]
[Round "2"]
[White "Zannoni, Gianni"]
[Black "Favoni, Matteo"]
[Result "0-1"]
[WhiteElo "1874"]
[BlackElo "1900"]
[PlyCount "90"]
[EventDate "2008.01.18"]

1. d4 Nf6 2. Nf3 g6 3. Nbd2 d5 4. e3 Bg7 5. Bd3 O-O 6. O-O Nbd7 7. c3 c6 8. Re1
Re8 9. e4 e5 10. dxe5 Nxe5 11. Nxe5 Rxe5 12. exd5 Rxe1+ 13. Qxe1 Nxd5 14. Bc4
Bf5 15. Nf3 Qd7 16. Be3 Nxe3 17. Qxe3 b5 18. Bf1 Re8 19. Qd2 Qxd2 20. Nxd2 b4
21. Nb3 bxc3 22. bxc3 Bxc3 23. Rc1 Bb4 24. Rxc6 Re1 25. Rc1 Rxc1 26. Nxc1 Ba3
27. Nd3 Be6 28. Ne5 Bxa2 29. Nc4 Bb4 30. Nb2 a5 31. Na4 Bb3 32. Bb5 Kg7 33. f4
Kf6 34. g4 Bd2 35. Kg2 Bxf4 36. Nc5 Bd5+ 37. Kh3 Be3 38. Nd7+ Ke6 39. Nf8+ Ke7
40. Nxh7 g5 41. Bd3 a4 42. Kg3 a3 43. Bb1 a2 44. Bxa2 Bxa2 45. h4 f6 0-1

[Event "C.to Provinciale VC"]
[Site "Vercelli ITA"]
[Date "2008.01.26"]
[Round "3"]
[White "Crepaldi, Marco"]
[Black "Zannoni, Gianni"]
[Result "1-0"]
[WhiteElo "1836"]
[BlackElo "1874"]
[PlyCount "113"]
[EventDate "2008.01.18"]

1. e4 d6 2. d4 Nf6 3. Nc3 c6 4. f4 Qa5 5. Bd3 e5 6. Nf3 Bg4 7. Be3 Nbd7 8. h3
Bh5 9. g4 exf4 10. Bxf4 Bg6 11. Qe2 Be7 12. O-O O-O-O 13. d5 a6 14. dxc6 Qb6+
15. Be3 Qxc6 16. Nd4 Qc7 17. Qd2 Nc5 18. Nf5 Bxf5 19. Rxf5 g6 20. Rf2 d5 21.
Bf4 Qc6 22. e5 Nfe4 23. Bxe4 Nxe4 24. Nxe4 dxe4 25. Qe2 Bc5 26. Be3 Bxe3 27.
Qxe3 Qd5 28. Re1 Qxe5 29. Qxe4 Qxe4 30. Rxe4 Rhf8 31. g5 Rd6 32. Kg2 Kd7 33. a4
f5 34. gxf6 Rdxf6 35. Rd2+ Rd6 36. Rde2 Rf7 37. a5 b6 38. axb6 Rxb6 39. c4 a5
40. Re5 Ra6 41. Rb5 Rf5 42. Rb7+ Kc6 43. Rxh7 Kc5 44. b3 a4 45. Ra2 a3 46. Rb7
Kc6 47. Rb4 Kc7 48. Ra4 Rxa4 49. bxa4 Rf4 50. Rxa3 Rxc4 51. Rg3 Rc6 52. Rg4 Ra6
53. Kg3 Kd7 54. Kh4 Ke7 55. Kg5 Kf7 56. Kh6 Ra5 57. Rf4+ 1-0

[Event "C.to Provinciale VC"]
[Site "Vercelli ITA"]
[Date "2008.01.26"]
[Round "3"]
[White "Favoni, Matteo"]
[Black "Caldi, Mario"]
[Result "1/2-1/2"]
[WhiteElo "1900"]
[BlackElo "1918"]
[PlyCount "43"]
[EventDate "2008.01.18"]

1. d4 Nf6 2. c4 g6 3. Nc3 Bg7 4. e4 d6 5. f3 O-O 6. Be3 Nc6 7. Nge2 a6 8. Qd2
e5 9. d5 Na5 10. Nc1 c5 11. dxc6 bxc6 12. b4 Nb7 13. Nb3 Be6 14. Rd1 Nh5 15. c5
d5 16. exd5 Bxd5 17. Nxd5 cxd5 18. c6 Nd6 19. Bg5 Bf6 20. Bh6 Bg7 21. Bg5 Bf6
22. Bh6 1/2-1/2

[Event "C.to Provinciale VC"]
[Site "Vercelli ITA"]
[Date "2008.01.27"]
[Round "4"]
[White "Caldi, Mario"]
[Black "Crepaldi, Marco"]
[Result "0-1"]
[WhiteElo "1918"]
[BlackElo "1836"]
[PlyCount "94"]
[EventDate "2008.01.18"]

1. e4 c5 2. Nf3 d6 3. d4 cxd4 4. Nxd4 Nf6 5. Nc3 a6 6. Bg5 e6 7. f4 Be7 8. Qf3
Qc7 9. O-O-O Nbd7 10. g4 b5 11. Bxf6 Nxf6 12. g5 Nd7 13. Bh3 Nc5 14. Nce2 Bb7
15. Ng3 d5 16. e5 g6 17. Rhe1 h5 18. Kb1 b4 19. f5 exf5 20. e6 Ne4 21. exf7+
Kxf7 22. Ngxf5 Nxg5 23. Rxe7+ Qxe7 24. Qf1 gxf5 25. Nxf5 Qf6 26. Bg2 Rad8 27.
Qd3 Ne4 28. Rf1 Kg8 29. Bh3 Qg5 30. Ka1 Nf2 31. Ne7+ Qxe7 32. Rg1+ Kf8 33. Qd4
Rh6 34. Qxf2+ Rf6 35. Qg3 Qf7 36. a3 Rf3 37. Qh4 Rd6 38. Qxb4 Qe7 39. Bg2 Rff6
40. Re1 Rde6 41. Rxe6 Rxe6 42. Qf4+ Rf6 43. Qb8+ Kf7 44. Qh8 Kg6 45. Qg8+ Qg7
46. Qxg7+ Kxg7 47. c4 Rf2 0-1

[Event "C.to Provinciale VC"]
[Site "Vercelli ITA"]
[Date "2008.02.02"]
[Round "5"]
[White "Favoni, Matteo"]
[Black "Tibaldeschi, Attilio"]
[Result "1-0"]
[WhiteElo "1900"]
[BlackElo "1613"]
[PlyCount "71"]
[EventDate "2008.01.18"]

1. d4 d5 2. c4 e6 3. Nc3 Nf6 4. Nf3 c6 5. Bg5 Be7 6. e3 Nbd7 7. Rc1 h6 8. Bh4
dxc4 9. Bxc4 b5 10. Bd3 Bb7 11. O-O a6 12. e4 O-O 13. e5 Nh7 14. Bxe7 Qxe7 15.
Ne4 Nb6 16. Nc5 Rfc8 17. Nd2 Ra7 18. Nde4 Ba8 19. Nd6 Rd8 20. Kh1 Nd5 21. f4
Ne3 22. Bxh7+ Kxh7 23. Qd3+ Nf5 24. g4 Rxd6 25. exd6 Qxd6 26. gxf5 Qd5+ 27. Kg1
exf5 28. Rce1 g6 29. b3 a5 30. Re5 Qd6 31. Qe3 a4 32. Re8 axb3 33. axb3 f6 34.
Re1 Qd5 35. Qe7+ Qf7 36. Qd8 1-0

[Event "C.to Provinciale MN"]
[Site "Mantova ITA"]
[Date "2008.01.18"]
[Round "1"]
[White "Buccella, Francescantonio"]
[Black "Tamburini, Giovanni"]
[Result "1-0"]
[WhiteElo "1638"]
[BlackElo "1473"]
[PlyCount "101"]
[EventDate "2008.01.18"]

1. e4 e5 2. Bc4 Nf6 3. Nc3 Nc6 4. Nf3 Be7 5. O-O O-O 6. d4 d6 7. d5 Nb8 8. h3
Nbd7 9. Nh2 Nc5 10. Qe2 Bd7 11. b4 Na6 12. Bxa6 bxa6 13. Qxa6 Qb8 14. a3 Bc8
15. Qe2 a5 16. b5 Re8 17. f4 Qb6+ 18. Be3 Qb8 19. fxe5 dxe5 20. Nf3 Bd6 21. Ng5
h6 22. Nf3 Bd7 23. Nd2 Be7 24. Rf3 Qd8 25. Raf1 Rc8 26. Rg3 Bf8 27. Bxh6 g6 28.
Bg5 Bg7 29. Qf2 c6 30. bxc6 Bxc6 31. dxc6 Rxc6 32. Nd5 Ree6 33. Rd3 Qd6 34.
Nxf6+ Bxf6 35. Rxd6 Rexd6 36. Bxf6 Rxf6 37. Qxf6 Rxf6 38. Rxf6 Kg7 39. Ra6 f5
40. Rxa5 Kf6 41. c4 Ke6 42. c5 Kd7 43. Ra6 Ke7 44. Rxg6 fxe4 45. Nxe4 Kd7 46.
h4 Ke7 47. c6 Kf7 48. h5 Ke7 49. Rg7+ Kf8 50. h6 Ke8 51. h7 1-0

[Event "C.to Provinciale MN"]
[Site "Mantova ITA"]
[Date "2008.01.25"]
[Round "2"]
[White "La Venia, Stefano"]
[Black "Azzoni, Marino"]
[Result "0-1"]
[WhiteElo "1754"]
[BlackElo "1856"]
[PlyCount "83"]
[EventDate "2008.01.18"]

1. e4 e5 2. Nf3 d6 3. d4 exd4 4. Nxd4 Nf6 5. Nc3 Be7 6. Be3 Bd7 7. Qd2 Nc6 8.
f3 Nxd4 9. Bxd4 Bc6 10. Bc4 Qd7 11. Qe2 O-O 12. O-O-O Rfe8 13. g4 d5 14. Bxf6
Bxf6 15. Nxd5 Bxd5 16. Rxd5 Qe7 17. Kb1 c6 18. Rdd1 b5 19. Bd3 Qb4 20. c4 bxc4
21. Bxc4 Rab8 22. Bb3 a5 23. Rd7 Rf8 24. e5 Bh4 25. Rhd1 a4 26. R7d4 Qb5 27.
Bc4 Qb6 28. f4 Be7 29. Rd7 Ba3 30. b3 axb3 31. Bxb3 c5 32. Kc2 c4 33. Bxc4 Qc6
34. Kc3 Bb2+ 35. Kc2 Rfc8 36. Rd8+ Rxd8 37. Rxd8+ Rxd8 38. Kxb2 Rb8+ 39. Bb3
Rc8 40. Qd2 h6 41. f5 Qc7 42. Qe3 0-1

[Event "C.to Provinciale MN"]
[Site "Mantova ITA"]
[Date "2008.01.25"]
[Round "2"]
[White "Lanfredi, Franco"]
[Black "Goldoni, Claudio"]
[Result "0-1"]
[WhiteElo "1637"]
[BlackElo "2045"]
[PlyCount "46"]
[EventDate "2008.01.18"]

1. e4 e5 2. Nf3 Nc6 3. Bc4 Be7 4. O-O Nf6 5. Nc3 d6 6. h3 O-O 7. d3 Na5 8. Nd2
a6 9. a3 Nxc4 10. Nxc4 c5 11. Be3 Be6 12. Nd2 d5 13. exd5 Nxd5 14. Nxd5 Bxd5
15. c4 Bc6 16. Qg4 f5 17. Qe2 f4 18. Bxc5 Bxc5 19. Nb3 f3 20. Qxe5 fxg2 21.
Nxc5 gxf1=Q+ 22. Rxf1 Qf6 23. Qe2 Qf5 0-1

[Event "C.to Provinciale MN"]
[Site "Mantova ITA"]
[Date "2008.01.25"]
[Round "2"]
[White "Ruggeri, Dario"]
[Black "Rigo, Gianfrancesco"]
[Result "0-1"]
[WhiteElo "1721"]
[BlackElo "2031"]
[PlyCount "74"]
[EventDate "2008.01.18"]

1. e4 c5 2. Nf3 g6 3. d4 cxd4 4. Nxd4 Nc6 5. Be3 Nf6 6. Nc3 Bg7 7. Bc4 O-O 8.
Qd2 Ng4 9. Nxc6 bxc6 10. Bd4 Bh6 11. Qe2 e5 12. Bc5 d6 13. Ba3 Re8 14. Rd1 Bf8
15. h3 Nf6 16. O-O Be6 17. Ba6 Qc7 18. Qf3 Nh5 19. b3 Qa5 20. Bb7 Qxa3 21. Bxc6
Qc5 22. Bxa8 Rxa8 23. Nd5 Bxd5 24. exd5 Qxc2 25. Rc1 Qd2 26. g3 Qa5 27. a4 Re8
28. Rc6 e4 29. Qd1 e3 30. fxe3 Rxe3 31. Qd4 Rxg3+ 32. Kh2 Rxb3 33. Rc8 Qb4 34.
Qxb4 Rxb4 35. Rc7 Rb2+ 36. Kg1 Bh6 37. Rfxf7 Be3+ 0-1

[Event "C.to Provinciale MN"]
[Site "Mantova ITA"]
[Date "2008.01.25"]
[Round "2"]
[White "Schiatti, Piero"]
[Black "Buccella, Francescantonio"]
[Result "1-0"]
[WhiteElo "2042"]
[BlackElo "1638"]
[PlyCount "77"]
[EventDate "2008.01.18"]

1. c4 Nf6 2. Nc3 e5 3. g3 c6 4. d4 e4 5. Bg2 Bb4 6. Qb3 Ba5 7. Bd2 d5 8. e3 O-O
9. Nge2 Re8 10. cxd5 cxd5 11. Nf4 Nc6 12. Ncxd5 Bxd2+ 13. Kxd2 Nxd5 14. Qxd5
Qb6 15. Qb3 Qa5+ 16. Qc3 Qg5 17. h4 Qf6 18. Rhc1 Bg4 19. Ke1 Rad8 20. d5 Ne5
21. Bxe4 g5 22. hxg5 Qxg5 23. Bg2 Nf3+ 24. Bxf3 Bxf3 25. Qc4 Re4 26. Qc5 Rxf4
27. gxf4 Qg1+ 28. Kd2 Qxf2+ 29. Kc3 Be4 30. d6 Bg6 31. Kb3 b6 32. Qd4 Qe2 33.
a3 Qb5+ 34. Ka2 Qd7 35. Rd1 Qe6+ 36. b3 a5 37. a4 Qf5 38. Rac1 b5 39. axb5 1-0

[Event "C.to Provinciale MN"]
[Site "Mantova ITA"]
[Date "2008.01.25"]
[Round "2"]
[White "Tamburini, Giovanni"]
[Black "Porpora, Ivano"]
[Result "0-1"]
[WhiteElo "1473"]
[BlackElo "1551"]
[PlyCount "108"]
[EventDate "2008.01.18"]

1. e4 g6 2. Nc3 Bg7 3. d4 d6 4. Nf3 Nf6 5. Bd3 O-O 6. O-O Nc6 7. a3 e5 8. d5
Ne7 9. Bg5 h6 10. Be3 Ng4 11. h3 Nxe3 12. fxe3 Kh7 13. Re1 f5 14. Rf1 fxe4 15.
Bxe4 Bf5 16. Qd3 Qd7 17. Kh2 a6 18. Rh1 Rf6 19. Raf1 Raf8 20. Qe2 R6f7 21. Kg1
Bxe4 22. Nxe4 Nxd5 23. c4 Nf6 24. Nxf6+ Rxf6 25. Rf2 e4 26. Ng5+ hxg5 27. Rxf6
Rxf6 28. Qg4 Qf5 29. Qxf5 Rxf5 30. h4 g4 31. b4 Bh6 32. Kh2 Bxe3 33. Re1 Bf4+
34. g3 Be5 35. Rxe4 Rf3 36. Rxg4 Rxa3 37. Kh3 Kh6 38. Rg5 Rxg3+ 39. Rxg3 Bxg3
40. Kxg3 Kh5 41. Kh3 c5 42. b5 a5 43. Kg2 Kxh4 44. Kf2 g5 45. Ke1 g4 46. b6 g3
47. Kf1 a4 48. Ke1 a3 49. Kd1 a2 50. Kd2 g2 51. Kd1 a1=Q+ 52. Kd2 g1=Q 53. Kd3
Qgd4+ 54. Kc2 d5 0-1

[Event "C.to Provinciale MN"]
[Site "Mantova ITA"]
[Date "2008.02.01"]
[Round "3"]
[White "Porpora, Ivano"]
[Black "Ruggeri, Dario"]
[Result "0-1"]
[WhiteElo "1551"]
[BlackElo "1721"]
[PlyCount "87"]
[EventDate "2008.01.18"]

1. e4 c5 2. Nf3 Nc6 3. d3 d6 4. g3 Bg4 5. Bg2 Qd7 6. c3 Nf6 7. Bf4 h6 8. Nbd2
g5 9. Be3 Bg7 10. Qb3 a6 11. a4 O-O 12. h4 Be6 13. Qd1 g4 14. Ng1 Ne5 15. Ne2
Nxd3+ 16. Kf1 Nxb2 17. Qc2 Nc4 18. Nxc4 Bxc4 19. Kg1 Nh5 20. Kh2 Bxe2 21. Qxe2
Bxc3 22. Rab1 Bg7 23. Rhd1 Qe6 24. Rxb7 Bc3 25. Rd5 Nf6 26. Rf5 h5 27. Bh6 Rfb8
28. Rxb8+ Rxb8 29. Qe3 Kh7 30. Rg5 Bd4 31. Rg7+ Kh8 32. Qg5 Nh7 33. Rxh7+ Kxh7
34. e5 Qxe5 35. Qxe5 Bxe5 36. Bg5 f6 37. Be4+ Kg7 38. Be3 Rb4 39. Bc6 Bd4 40.
Bxd4 Rxd4 41. Kg2 d5 42. a5 c4 43. Bb7 c3 44. Bxa6 0-1

[Event "C.to Provinciale MN"]
[Site "Mantova ITA"]
[Date "2008.02.01"]
[Round "3"]
[White "Zordan, Giovanni"]
[Black "La Venia, Stefano"]
[Result "0-1"]
[WhiteElo "1550"]
[BlackElo "1754"]
[PlyCount "78"]
[EventDate "2008.01.18"]

1. d4 d5 2. Nf3 Nc6 3. e3 Nf6 4. c4 e6 5. Bd3 Nb4 6. O-O Nxd3 7. Qxd3 Be7 8. b3
O-O 9. Ba3 b6 10. Ne5 Bb7 11. Bxe7 Qxe7 12. Nd2 Rfd8 13. f4 c5 14. f5 dxc4 15.
bxc4 Qc7 16. fxe6 Qxe5 17. exf7+ Kf8 18. dxe5 Rxd3 19. exf6 Rxd2 20. fxg7+ Kxg7
21. Rf2 Rxf2 22. Kxf2 Rd8 23. Ke2 Kxf7 24. g3 Be4 25. Ke1 Rd3 26. Ke2 Ke6 27.
Rf1 Ra3 28. Ra1 Bd3+ 29. Kf3 Bxc4 30. g4 Rxa2 31. Rc1 Bd5+ 32. e4 Ra3+ 33. Kf4
Ra4 34. Re1 Rxe4+ 35. Rxe4+ Bxe4 36. Kxe4 a5 37. h4 a4 38. Kd3 Ke5 39. h5 Kf4
0-1

[Event "C.to Provinciale MN"]
[Site "Mantova ITA"]
[Date "2008.02.08"]
[Round "4"]
[White "Beltrami, Nerio"]
[Black "Trazzi, Enrico"]
[Result "0-1"]
[WhiteElo "2053"]
[BlackElo "1745"]
[PlyCount "100"]
[EventDate "2008.01.18"]

1. e4 d5 2. exd5 Qxd5 3. Nc3 Qa5 4. d4 Nf6 5. Nf3 Ne4 6. Qd3 Nxc3 7. bxc3 Bf5
8. Qb5+ Qxb5 9. Bxb5+ c6 10. Ba4 e6 11. O-O Bd6 12. c4 O-O 13. c5 Bc7 14. Rb1
b5 15. Bb3 Nd7 16. a4 a6 17. Bd2 h6 18. Rfe1 Rfd8 19. Ra1 Bg4 20. Bc3 Bxf3 21.
gxf3 Nf6 22. Bb2 Rdb8 23. Ra2 Ba5 24. c3 b4 25. c4 Ra7 26. Bc1 Rd7 27. Bf4 Rbd8
28. Be3 Nh5 29. Kf1 Bc7 30. h3 a5 31. Rd1 Nf4 32. h4 Ng6 33. h5 Nf4 34. Rad2
Nxh5 35. Bc2 Nf6 36. f4 Bb8 37. Ke2 Kf8 38. Kf3 Ng8 39. f5 Ne7 40. f6 gxf6 41.
Bxh6+ Ke8 42. Bg7 e5 43. Bxf6 Rxd4 44. Rxd4 Rxd4 45. Rxd4 exd4 46. Bxd4 Ng6 47.
Ke4 Ke7 48. Bd1 Nf4 49. Bg4 Ne6 50. Bxe6 Kxe6 0-1

[Event "C.to Provinciale MN"]
[Site "Mantova ITA"]
[Date "2008.02.08"]
[Round "4"]
[White "La Venia, Stefano"]
[Black "Boni, Gianni"]
[Result "1/2-1/2"]
[WhiteElo "1754"]
[BlackElo "1778"]
[PlyCount "120"]
[EventDate "2008.01.18"]

1. e4 b6 2. Bc4 Bb7 3. Nf3 e6 4. Qe2 d6 5. d4 a6 6. Nc3 Nd7 7. Bd2 Be7 8. O-O-O
h6 9. g4 c5 10. dxc5 Nxc5 11. Nd4 Nf6 12. f3 O-O 13. h4 b5 14. Bd3 Nxd3+ 15.
Qxd3 b4 16. Nce2 Qa5 17. Nb3 Qb5 18. Qxb5 axb5 19. Bxb4 Rfc8 20. Bxd6 Bxd6 21.
Rxd6 Nxe4 22. fxe4 Bxe4 23. Rf1 Rxc2+ 24. Kd1 Rxb2 25. Nc3 Bg2 26. Rf4 e5 27.
Rf5 Bh3 28. Rxe5 b4 29. Nd5 Bxg4+ 30. Kc1 Rbxa2 31. Nxb4 Rh2 32. Rd4 Rxh4 33.
Nd5 Rh1+ 34. Kb2 Rh2+ 35. Nd2 Be6 36. Kc3 Rh3+ 37. Kb4 Bxd5 38. Rdxd5 Rha3 39.
Nc4 Ra1 40. Nb6 Rb1+ 41. Kc5 Rb8 42. Rd6 Rc1+ 43. Kb5 f6 44. Re7 h5 45. Rdd7
Rg1 46. Kc6 Rg5 47. Kc7 Rf8 48. Nd5 h4 49. Nf4 Rg4 50. Ne6 Ra8 51. Rxg7+ Rxg7
52. Rxg7+ Kh8 53. Rg4 Ra7+ 54. Kd6 Rh7 55. Nf8 Rh6 56. Ng6+ Kh7 57. Rxh4 Kxg6
58. Rg4+ Kf5 59. Rg8 Kf4 60. Kd5 f5 1/2-1/2

[Event "C.to Provinciale MN"]
[Site "Mantova ITA"]
[Date "2008.02.08"]
[Round "4"]
[White "Pellizzari, Marco"]
[Black "Zordan, Giovanni"]
[Result "0-1"]
[WhiteElo "1431"]
[BlackElo "1550"]
[PlyCount "102"]
[EventDate "2008.01.18"]

1. d4 d5 2. c4 e6 3. Nc3 Nf6 4. Bg5 Be7 5. e3 O-O 6. Nf3 Ne4 7. Bxe7 Nxc3 8.
Bxd8 Nxd1 9. Rxd1 Rxd8 10. g4 c6 11. b3 Nd7 12. h3 a6 13. a4 b5 14. axb5 dxc4
15. bxc6 cxb3 16. Rb1 Nf8 17. Rxb3 Rd6 18. Rc3 Rb8 19. Nd2 Rb6 20. Bg2 Rb4 21.
Rb3 Rxb3 22. Nxb3 Ng6 23. Rg1 Ne7 24. Na5 Kf8 25. Kd2 Ke8 26. Rb1 e5 27. Nb7
Rf6 28. Ke1 exd4 29. exd4 Nxc6 30. d5 Nd8 31. d6 Bxb7 32. Bxb7 Nxb7 33. Rxb7
Rxd6 34. Rb8+ Kd7 35. Rb7+ Ke6 36. Rb3 h6 37. Re3+ Kd7 38. Rb3 g6 39. Rb7+ Ke6
40. Rb3 a5 41. Re3+ Kd7 42. Ra3 Rd5 43. Rb3 a4 44. Rb7+ Ke6 45. Rb6+ Ke5 46.
Rb7 f6 47. Re7+ Kf4 48. Rb7 a3 49. Rb4+ Kg5 50. f4+ Kh4 51. Rb1 Rd3 0-1

[Event "C.to Provinciale MN"]
[Site "Mantova ITA"]
[Date "2008.02.08"]
[Round "4"]
[White "Ruggeri, Dario"]
[Black "Buccella, Francescantonio"]
[Result "1-0"]
[WhiteElo "1721"]
[BlackElo "1638"]
[PlyCount "45"]
[EventDate "2008.01.18"]

1. e4 c5 2. Nf3 Nc6 3. d4 cxd4 4. Nxd4 e6 5. a3 a6 6. Nc3 g6 7. Be3 Bg7 8. Bc4
Nge7 9. Qd2 O-O 10. h4 Ne5 11. Ba2 N7c6 12. h5 Qf6 13. f4 Nc4 14. Bxc4 Nxd4 15.
e5 Nxc2+ 16. Qxc2 Qe7 17. Ne4 b5 18. Bd3 Qd8 19. hxg6 fxg6 20. Nd6 Rf5 21. Bxf5
gxf5 22. Qe2 Qe7 23. Rc1 1-0

[Event "C.to Provinciale CO"]
[Site "Mariano Comense ITA"]
[Date "2008.01.19"]
[Round "1"]
[White "Bove, Enzo"]
[Black "Casonato, Mattias"]
[Result "1-0"]
[WhiteElo "2000"]
[BlackElo "1545"]
[PlyCount "75"]
[EventDate "2008.01.19"]

1. d4 Nf6 2. Nf3 d6 3. Bg5 Nbd7 4. Nbd2 g6 5. e4 Bg7 6. Bd3 e5 7. c3 O-O 8. O-O
c6 9. Re1 Re8 10. h3 Nf8 11. Bc4 Qc7 12. Bh4 b5 13. Bb3 Be6 14. Bg3 Bxb3 15.
Qxb3 Nh5 16. Bh2 Ne6 17. dxe5 dxe5 18. a4 a6 19. axb5 cxb5 20. Nf1 Nhf4 21. Ne3
Nc5 22. Qc2 Qc8 23. Rad1 Bh6 24. Ng4 Bg7 25. Nfxe5 Rxe5 26. Bxf4 Rh5 27. e5 Kh8
28. Qd2 Ne6 29. Bh6 g5 30. Bxg7+ Kxg7 31. Nf6 Rxh3 32. gxh3 Nf4 33. Qd7 Nxh3+
34. Kh2 Nf4 35. Qxc8 Rxc8 36. Rd7 Kg6 37. Nd5 Ne6 38. Ne7+ 1-0

[Event "C.to Provinciale CO"]
[Site "Mariano Comense ITA"]
[Date "2008.01.19"]
[Round "1"]
[White "Corti, Filippo"]
[Black "Coppola, Guido"]
[Result "0-1"]
[WhiteElo "1592"]
[BlackElo "2065"]
[PlyCount "72"]
[EventDate "2008.01.19"]

1. Nf3 d5 2. g3 Nf6 3. Bg2 Nbd7 4. d4 e6 5. Nbd2 Be7 6. O-O O-O 7. c3 b6 8. Qc2
Bb7 9. Re1 c5 10. e4 dxe4 11. Nxe4 Nxe4 12. Rxe4 Bxe4 13. Qxe4 Nf6 14. Qe2 Rc8
15. Bf4 cxd4 16. Nxd4 Nd5 17. Bd2 Kh8 18. Rd1 Bf6 19. Be1 Qe7 20. Nb5 a6 21.
Nd4 b5 22. f4 Rfd8 23. Bf2 Qc7 24. Qh5 g6 25. Qg4 h5 26. Qe2 Qc4 27. Qxc4 Rxc4
28. Bf1 Rcc8 29. Bd3 Kh7 30. h4 Kg7 31. Kg2 Ne7 32. Kf3 Nc6 33. Ke4 Nxd4 34.
cxd4 Rc7 35. Be2 Rc2 36. Ke3 Rxb2 0-1